| 000 | 00849nam a22002537a 4500 | ||
|---|---|---|---|
| 005 | 20170123162328.0 | ||
| 010 | _aA-678216 | ||
| 020 | _c11.00 | ||
| 035 | _aA-678216 | ||
| 037 | _bCen Lib/Ret | ||
| 040 |
_aDPL _bUR |
||
| 082 |
_aک _bن ق و |
||
| 245 |
_aچار درشیوں کا قصّہ / _cمرتب نور الحسن نقوی |
||
| 246 |
_aChar dureshiyon ka qissa / _bedited by Noorulhasan Naqvi |
||
| 260 |
_aنیی دہلی _bترقی اردو برور _c1994 |
||
| 270 |
_bنیی دہلی _aویسٹ بلاک ٨ آر کے پرم _e110066 |
||
| 300 |
_a95p. _c21cm(Hb) |
||
| 650 |
_aاردو ادب _9120379 |
||
| 650 |
_aاردو افسانے _9120380 |
||
| 650 |
_aUrdu literature _9120381 |
||
| 650 |
_aUrdu stories _9120382 |
||
| 700 |
_aنقوی، نور الحسن _9109505 |
||
| 942 |
_2ddc _cUR _hک _mن ق و |
||
| 999 |
_c107614 _d107614 |
||